|
|
|
|
| LEADER |
00000nam a2200000 a 4500 |
| 001 |
vtls001288843 |
| 003 |
SK-MaSNL |
| 005 |
20260301113505.0 |
| 008 |
251124s1997 hu a 0 hun |
| 020 |
|
|
|a 963 548 371 6
|c b.c.
|
| 035 |
|
|
|a SNK000240458
|
| 035 |
|
|
|a urn:nbn:sk:snk-amkgde
|
| 035 |
|
|
|a urn:nbn:sk:snk-am003set
|
| 035 |
|
|
|a 71D6D821-1587-426D-B9F2-9FBEB02B2B4E
|
| 040 |
|
|
|a SNK
|b slo
|c SNK
|e AACR2
|
| 041 |
0 |
|
|a hun
|
| 044 |
|
|
|a HU
|
| 080 |
|
|
|a 551/556(084.12)
|2 1981
|
| 100 |
1 |
|
|a Molyneaux, Brian Leigh
|4 aut
|9 455696
|
| 245 |
1 |
0 |
|a A megszentelt bolygó
|b a tájban élő szellemek ősi szent egyenesek és szent helyek teremtés és termékenység
|c Brian Leigh Molyneaux ; [fordította Székely János]
|
| 260 |
|
|
|a Budapest
|b Magyar Könyvklub
|c 1997
|e Martin
|f Neografia
|
| 300 |
|
|
|a 184 s.
|c 21 cm
|
| 490 |
1 |
|
|a Bölcsesség, hit, mítosz
|
| 650 |
0 |
7 |
|a Zem
|x knihy ilustrované
|2 SNK
|9 63714
|
| 830 |
|
0 |
|a Bölcsesség, hit, mítosz
|9 453608
|
| 919 |
|
|
|a 963 548 371 6
|
| 958 |
|
|
|a OND
|
| 999 |
|
|
|c 714421
|d 716351
|
| 952 |
|
|
|t P60, <03>, [BOOK], {603}
|a SNK
|b SNK
|y PREZ
|7 0
|p 17A0072993
|o snkSC 93279
|i snkKSP 5791/97
|0 0
|1 0
|4 0
|d 1997-06-06
|f 1
|l 0
|r 2025-09-11 00:00:00
|w 2026-02-23
|